000 01177cam a2200265 4500
001 ABS64534
008 010921n2001 000 0 eng u
035 _a(Sirsi) u114735
100 _aMoody, M.
245 _aDisability access: problem areas
260 _c2001
490 _aFacilities Management
_v8(12) September 2001, 12-13(2)
520 _aUnder the Disability Discrimination Act 1995 reasonable adjustments to the fabric of buildings, to accommodate people with disabilities, must be in place by 2004. Discusses the problems involved in making access improvements, and providing services in buildings for disabled people. Examines the issues, identifies common problems and mistakes, and offers guidance on how to successfully execute access improvements. Discussion points include cost, historic buildings and planning permission.
590 _aABS
650 _aDISABILITY DISCRIMINATION ACT 1995
650 _aBUILDING IMPROVEMENTS
650 _aACCESS
650 _aHISTORIC BUILDINGS
650 _aCOST
650 _aPLANNING
650 _aRETAIL
650 _aHEALTH AND SAFETY
_96244
690 _aFACILITIES MANAGEMENT
_96240
942 _n0
999 _c68331
_d68331